Devine le joueur de foot #16 - Statistiques

Statistiques générales
  • Ce quiz a été pris 84 fois
  • Le résultat moyen est 16 sur 20
Statistiques - réponses
Par images Réponse % Correct
Ángel Di María
100%
Declan Rice
89%
Mesut Özil
89%
Yann Sommer
89%
Dayot Upamecano
88%
Dani Carvajal
85%
Paolo Maldini
85%
Christian Eriksen
82%
Radamel Falcao
82%
Ronald Araújo
82%
Diego Godín
81%
Ivan Perišić
79%
César Azpilicueta
78%
Leonardo Bonucci
78%
Ruud van Nistelrooy
74%
Juan Mata
72%
Sócrates Bolratis
71%
Edin Džeko
69%
Marcelo Brozović
67%
Mateo Retegui
51%
Aucun quiz correspondant
Distribution des résultats
% des personnes avec chaque résultat
Percentile par nombre de réponses
Votre historique - résultats
Vous n’avez pas pris ce quiz